01614nam a2200445 i 450000100060000000300090000600500170001500800390003201500170007102000150008803500360010303500140013903500210015303500230017404000280019704600090022508000170023408000120025108000100026308000160027310000370028924501030032626000800042930000410050933600270055033700540057733800280063138000160065938000270067538500390070238800140074150400240075552100960077965800280087565500550090365000300095870000420098871000400103085600980107046503KOSZ 00520191024140502.0980623s1998 pl a f f |000 0 pol aPB 1998/7759 a8320422159 a(PL-WaBN)b10987940-48omnis_nlop ab10987940 a(OCoLC)750532600 a(PL)b0000001098794 aWA NcWA NdKOSZ 005/HR k1998 a621.3.049.77 a621.375 a04.94 a(075.8+076)1 aAntoszkiewicz, Krzysztof.eAutor10aZbiór zadań z układów elektronicznych liniowych /cKrzysztof Antoszkiewicz, Zbigniew Nosal. aWarszawa :bWydawnictwa Naukowo-Techniczne,ccop. 1998e(Łódź :fDWN). a387, [3] s. :brys., wykr. ;c24 cm. 2rdacontentaTekstbtxt 2rdamediaaBez urządzenia pośredniczącegobn 2rdacarrieraWoluminbnc aKsiążki aPublikacje dydaktyczne mPoziom nauczaniaaSzkoły wyższe a1901-2000 aBibliogr. s. [389]. aDla studentów kierunków elektroniki i telekomunikacji wyższych szkół technicznych. aInżynieria i technika 7aĆwiczenia i zadania dla szkół wyższych2DBN 7aUkład elektroniczny2DBN1 aNosal, Zbigniewc(elektronik).eAutor2 aWydawnictwa Naukowo-Techniczne4pbl uhttp://koha.tu.koszalin.pl/cgi-bin/koha/opac-detail.pl?biblionumber=46503yKatalog online BPK